Zambia : Selected Issues and Statistical Appendix.

This Selected Issues paper on Zambia reports that the authorities have outlined a range of alternative policy scenarios to achieve greater pro-poor growth. The thrust of these policies is to support higher growth in rural areas, where the incidence of poverty is particularly high, by investing more...

Täydet tiedot

Bibliografiset tiedot
Yhteisötekijä: International Monetary Fund
Aineistotyyppi: Aikakauslehti
Kieli:English
Julkaistu: Washington, D.C. : International Monetary Fund, 2006.
Sarja:IMF Staff Country Reports; Country Report ; No. 2006/118
Linkit:Full text available on IMF
LEADER 01574cas a2200241 a 4500
001 AALejournalIMF009015
008 230101c9999 xx r poo 0 0eng d
020 |c 5.00 USD 
020 |z 9781451841282 
022 |a 1934-7685 
040 |a BD-DhAAL  |c BD-DhAAL 
110 2 |a International Monetary Fund. 
245 1 0 |a Zambia :   |b Selected Issues and Statistical Appendix. 
264 1 |a Washington, D.C. :  |b International Monetary Fund,  |c 2006. 
300 |a 1 online resource (75 pages) 
490 1 |a IMF Staff Country Reports 
500 |a <strong>Off-Campus Access:</strong> No User ID or Password Required 
500 |a <strong>On-Campus Access:</strong> No User ID or Password Required 
506 |a Electronic access restricted to authorized BRAC University faculty, staff and students 
520 3 |a This Selected Issues paper on Zambia reports that the authorities have outlined a range of alternative policy scenarios to achieve greater pro-poor growth. The thrust of these policies is to support higher growth in rural areas, where the incidence of poverty is particularly high, by investing more in infrastructure development, while also stepping up delivery of public services, notably in health and education. Implementing these alternative policies would require significantly more financial assistance from the donor community. 
538 |a Mode of access: Internet 
830 0 |a IMF Staff Country Reports; Country Report ;  |v No. 2006/118 
856 4 0 |z Full text available on IMF  |u http://elibrary.imf.org/view/journals/002/2006/118/002.2006.issue-118-en.xml  |z IMF e-Library